Odunga's digest on civil case law and procedure / (Record no. 531)

000 -LEADER
fixed length control field 01341cam a2200325 a 4500
001 - CONTROL NUMBER
control field 16440317
005 - DATE AND TIME OF LATEST TRANSACTION
control field 20140116120830.0
008 - FIXED-LENGTH DATA ELEMENTS--GENERAL INFORMATION
fixed length control field 100831s2010 ke w 000 0 eng
010 ## - LIBRARY OF CONGRESS CONTROL NUMBER
LC control number 2010305720
020 ## - INTERNATIONAL STANDARD BOOK NUMBER
International Standard Book Number 9966744886
040 ## - CATALOGING SOURCE
Original cataloging agency DLC
Transcribing agency DLC
042 ## - AUTHENTICATION CODE
Authentication code lcode
-- pcc
043 ## - GEOGRAPHIC AREA CODE
Geographic area code f-ke---
-- f-tz---
-- f-ug---
050 00 - LIBRARY OF CONGRESS CALL NUMBER
Classification number KQC19.5.O38 2010
100 1# - MAIN ENTRY--PERSONAL NAME
Personal name Odunga, G. V.
Fuller form of name (George Vincent)
245 10 - TITLE STATEMENT
Title Odunga's digest on civil case law and procedure /
Statement of responsibility, etc G.V. Odunga.
246 18 - VARYING FORM OF TITLE
Title proper/short title Odunga's digest
250 ## - EDITION STATEMENT
Edition statement 2nd ed.
260 ## - PUBLICATION, DISTRIBUTION, ETC. (IMPRINT)
Place of publication, distribution, etc Nairobi :
Name of publisher, distributor, etc LawAfrica,
Date of publication, distribution, etc 2010.
300 ## - PHYSICAL DESCRIPTION
Extent 4 v.
500 ## - GENERAL NOTE
General note Rev. ed. of: Digest on civil case law and procedure / G.V. Odunga. c2006.
505 0# - FORMATTED CONTENTS NOTE
Formatted contents note v. 1. pt. 1 (Abuse of court process)-pt. 20 (company law) -- v. 2. pt. 21 (Consents)-pt. 58 (Injuctions) -- v. 3. pt. 59 (Instalments)-pt. 94 (preliminary points of law) -- v. 4. pt. 95 (Procedures)-pt. 128 (wrongful dismissal).
650 #0 - SUBJECT ADDED ENTRY--TOPICAL TERM
Topical term or geographic name as entry element Law reports, digests, etc.
Geographic subdivision Kenya.
650 #0 - SUBJECT ADDED ENTRY--TOPICAL TERM
Topical term or geographic name as entry element Law reports, digests, etc.
Geographic subdivision Uganda.
650 #0 - SUBJECT ADDED ENTRY--TOPICAL TERM
Topical term or geographic name as entry element Law reports, digests, etc.
Geographic subdivision Tanzania.
700 1# - ADDED ENTRY--PERSONAL NAME
Personal name Odunga, G. V.
Fuller form of name (George Vincent).
Title of a work Digest on civil case law and procedure.
906 ## - LOCAL DATA ELEMENT F, LDF (RLIN)
a 7
b cbc
c origode
d 2
e ncip
f 20
g y-gencatlg
942 ## - ADDED ENTRY ELEMENTS (KOHA)
Source of classification or shelving scheme
Item type Book
Holdings
Withdrawn status Lost status Source of classification or shelving scheme Damaged status Not for loan Home library Current library Date acquired Source of acquisition Cost, normal purchase price Total Checkouts Total Renewals Full call number Barcode Date last seen Date last borrowed Copy number Price effective from Koha item type
          Riara University Library Riara University Library 22/10/2011 Purchase 700.00 5 1 KQC19.5.O38 2010 1017/11 23/08/2019 20/08/2019 C.1 22/10/2011 Book
          Riara University Library Riara University Library 22/10/2011 Purchase 700.00 4   KQC19.5.O38 2010 V.2 1018/11 28/08/2019 23/08/2019   22/10/2011 Book
          Riara University Library Riara University Library 22/10/2011 Purchase 700.00 5 1 KQC19.5.O38 2010 V.3 1019/11 05/09/2019 05/09/2019   22/10/2011 Book
          Riara University Library Riara University Library 22/10/2011 Purchase 700.00 6   KQC19.5.O38 2010 V.4 1020/11 01/10/2019 12/09/2019   22/10/2011 Book

Riara University Library,
P.O. Box 49940-00100,
Nairobi, Kenya.